Ľudský kapitál ako faktor ekonomického rastu
Rozhodujúce faktory ekonomického rastu - ľudský kapitál, úroveň technologického rozvoja a dynamika technologických zmien. Krajiny EÚ vrátane Slovenska potrebujú významne posilňovať oblasť školstva, vedy a výskumu, aby sa vytvorila tzv. vedomostná ekonomika. Vyžaduje si to významné zvýšenie investíc...
Salvato in:
| Autore principale: | |
|---|---|
| Natura: | Capitolo di libro |
| Lingua: | slovacco |
| Soggetti: | |
| Tags: |
Nessun Tag, puoi essere il primo ad aggiungerne!!
|
MARC
| LEADER | 00000nla$a2200000$$$4500 | ||
|---|---|---|---|
| 001 | 0053472 | ||
| 005 | 20240502071623.1 | ||
| 041 | 0 | |a slo | |
| 044 | |a SK | ||
| 245 | 1 | 0 | |a Ľudský kapitál ako faktor ekonomického rastu |c Ján Lisý |
| 520 | |a Rozhodujúce faktory ekonomického rastu - ľudský kapitál, úroveň technologického rozvoja a dynamika technologických zmien. Krajiny EÚ vrátane Slovenska potrebujú významne posilňovať oblasť školstva, vedy a výskumu, aby sa vytvorila tzv. vedomostná ekonomika. Vyžaduje si to významné zvýšenie investícií do ľudského kapitálu. Strategickou úlohou je podpora využívania informačných technológií, dobudovanie efektívne fungujúceho vnútorného trhu EÚ, uvoľnenie obmedzení na trhu práce, odstránenie prekážok podnikania a zabezpečenie trvalo udržateľného ekonomického rastu. | ||
| 610 | 2 | 0 | |a kapitál ľudský |
| 610 | 2 | 0 | |a investície |
| 610 | 2 | 0 | |a ekonomika vedomostná |
| 610 | 2 | 0 | |a veda |
| 610 | 2 | 0 | |a výskum |
| 610 | 2 | 0 | |a technológie informačné |
| 610 | 2 | 0 | |a trh vnútorný |
| 610 | 2 | 0 | |a rozvoj trvalo udržateľný |
| 610 | 2 | 0 | |a Európska únia |
| 610 | 2 | 0 | |a Slovensko |
| 100 | 1 | |a Lisý, Ján | |